000 00682nam a2200289Ia 4500
005 20260324120429.0
008 008 260324s9999 xx 000 0 eng d
020 _a9781315653846
037 _aEBOOK
040 _aCRL
040 _beng
040 _cCRL
041 _2eng
041 _aeng
084 _qCRL
100 _aAnton N Oleinik
_91158540
245 4 _aThe Invisible Hand of Power
245 3 _bAn Economic Theory of Gate Keeping
260 _bTaylor and Francis
260 _c2015
365 _a
365 _b255
856 _uhttp://www.taylorfrancis.com/books/9781315653846
942 _cEBOOK
999 _c1750066
_d1750066